| 000 | 00777nam a2200217Ia 4500 | ||
|---|---|---|---|
| 999 |
_c16018 _d16018 |
||
| 003 | OSt | ||
| 005 | 20220104133841.0 | ||
| 008 | 160316s1997 xxu||||| |||| 00| 0 eng d | ||
| 020 | _a1884964575 | ||
| 040 | _c. | ||
| 082 |
_a344.046 MAG-1 _bMAG-I |
||
| 100 | _aMagill Frank N | ||
| 245 | _aChronology of twentieth-century history Vol. I : Ecology and the environment | ||
| 260 |
_aLondon _bFitzroy Dearborn Publishers _c1997 |
||
| 300 |
_a770p _cxi |
||
| 365 | _bRs.12,677.50 | ||
| 505 | _aContents; Editor’s Contributing Essayists Chronology; Ecology And The Environment Alphabetical List Of Events Select/Key Word Index Category Index Principal Personages | ||
| 650 | _a1. Environmental Chronological Events - U S A | ||
| 700 |
_a _a |
||
| 942 |
_2ddc _cBK |
||